[Event "Asia Cities-ch 17th"]
[Site "Jakarta"]
[Date "2011.04.23"]
[Round "3.6"]
[White "Obada, Ahmad Azeezjawad"]
[Black "Pg, L Wijaya Pg Hj Mohd"]
[Result "1-0"]
[WhiteElo "2348"]
[BlackElo "2301"]
[PlyCount "65"]
[EventDate "2011.04.22"]
[EventType "team-swiss"]
[EventRounds "9"]
[EventCountry "INA"]
[SourceTitle "CBM 142 Extra"]
[Source "ChessBase"]
[SourceDate "2011.06.27"]
[SourceVersion "1"]
[SourceVersionDate "2011.06.27"]
[SourceQuality "1"]
[WhiteTeam "Baghdad"]
[BlackTeam "Bandar Seri Begawan"]
[WhiteTeamCountry "IRQ"]
[BlackTeamCountry "BRN"]

1. d4 d5 2. c4 e6 3. Nc3 c6 4. e3 Nf6 5. Nf3 Bb4 6. Qb3 Ba5 7. Bd2 0-0 8. Bd3 Bc7 9. e4 dxe4 10. Nxe4 Nxe4 11. Bxe4 Ba5 12. 0-0-0 Bxd2+ 13. Rxd2 Na6 14. g3 Qc7 15. Re1 Rb8 16. Ne5 g6 17. Bf3 Qa5 18. h4 c5 19. Qb5 Qc7 20. d5 Qd6 21. Nxf7 Qe7 22. Ng5 Bd7 23. d6 Qe8 24. Qa5 h6 25. Nxe6 Rf6 26. Rde2 Qc8 27. Qc3 Rf7 28. Bd5 Bc6 29. Nd8 Bxd5 30. Re8+ Rf8 31. Rxf8+ Kxf8 32. Qh8+ Bg8 33. Qxh6# 1-0

[Event "Brunei IM-B"]
[Site "Bandar Seri Begawan"]
[Date "2011.03.08"]
[Round "9"]
[White "Pg, L Wijaya Pg Hj Mohd"]
[Black "Barbosa, Oliver"]
[Result "0-1"]
[WhiteElo "2301"]
[BlackElo "2506"]
[PlyCount "38"]
[EventDate "2011.03.04"]
[EventType "tourn"]
[EventRounds "9"]
[EventCountry "BRN"]
[EventCategory "3"]
[SourceTitle "CBM 141 Extra"]
[Source "ChessBase"]
[SourceDate "2011.05.03"]
[SourceVersion "1"]
[SourceVersionDate "2011.05.03"]
[SourceQuality "1"]

1. e4 c5 2. Bc4 Nc6 3. Nf3 e6 4. 0-0 a6 5. d4 cxd4 6. Nxd4 Qc7 7. c3 Nf6 8. Nxc6 Qxc6 9. e5 Qxc4 10. exf6 gxf6 11. Qf3 Be7 12. Nd2 Qc6 13. Qg3 b6 14. Qg7 Rf8 15. f3 Bb7 16. Ne4 0-0-0 17. Nxf6 Qc5+ 18. Kh1 Qe5 19. Bg5 Rg8 0-1

[Event "Brunei IM-B"]
[Site "Bandar Seri Begawan"]
[Date "2011.03.07"]
[Round "8"]
[White "Yap, Kim Steven"]
[Black "Pg, L Wijaya Pg Hj Mohd"]
[Result "1-0"]
[WhiteElo "2393"]
[BlackElo "2301"]
[PlyCount "45"]
[EventDate "2011.03.04"]
[EventType "tourn"]
[EventRounds "9"]
[EventCountry "BRN"]
[EventCategory "3"]
[SourceTitle "CBM 141 Extra"]
[Source "ChessBase"]
[SourceDate "2011.05.03"]
[SourceVersion "1"]
[SourceVersionDate "2011.05.03"]
[SourceQuality "1"]

1. e4 e5 2. Nf3 Nc6 3. Bc4 h6 4. d4 exd4 5. Nxd4 Ne5 6. Bb3 Nf6 7. f4 Nc6 8. e5 Nh7 9. Nxc6 bxc6 10. Nc3 Qh4+ 11. g3 Qh3 12. Be3 Bb4 13. Qd4 Qg2 14. Rg1 Bxc3+ 15. Qxc3 Qf3 16. Rf1 Qe4 17. 0-0-0 0-0 18. Bc5 Re8 19. Rde1 Qf5 20. Kb1 Nf8 21. g4 Qg6 22. f5 Qg5 23. Bxf7+ 1-0

[Event "Brunei IM-B"]
[Site "Bandar Seri Begawan"]
[Date "2011.03.04"]
[Round "1"]
[White "Yee, Soon Wei"]
[Black "Pg, L Wijaya Pg Hj Mohd"]
[Result "1-0"]
[WhiteElo "2285"]
[BlackElo "2301"]
[PlyCount "77"]
[EventDate "2011.03.04"]
[EventType "tourn"]
[EventRounds "9"]
[EventCountry "BRN"]
[EventCategory "3"]
[SourceTitle "CBM 141 Extra"]
[Source "ChessBase"]
[SourceDate "2011.05.03"]
[SourceVersion "1"]
[SourceVersionDate "2011.05.03"]
[SourceQuality "1"]

1. e4 e5 2. Nf3 Nc6 3. Bb5 Nge7 4. c3 a6 5. Ba4 b5 6. Bb3 h6 7. d4 exd4 8. cxd4 Na5 9. Bc2 Nec6 10. Nc3 Bb4 11. d5 Ne7 12. Qd4 Nc4 13. Qxg7 Rg8 14. Qxh6 Ng6 15. Bg5 Be7 16. b3 Bxg5 17. Qxg5 Qxg5 18. Nxg5 Nce5 19. g3 d6 20. h4 f6 21. Nh3 Nf3+ 22. Ke2 Bg4 23. Ke3 0-0-0 24. Bd1 Nge5 25. Ng1 Nxg1 26. Rxg1 Bxd1 27. Raxd1 Kd7 28. f3 Ke7 29. Ne2 Ng6 30. Rc1 Kd7 31. Nd4 Rc8 32. f4 Ne7 33. g4 c6 34. Nxc6 Nxc6 35. Rxc6 Rxc6 36. dxc6+ Kxc6 37. g5 d5 38. Rc1+ Kd6 39. Rd1 1-0